| 000 | 00531cas a22001694i 4500 | ||
|---|---|---|---|
| 999 |
_c50743 _d50743 |
||
| 001 | 768714001 | ||
| 003 | CO-MdFUSB | ||
| 005 | 20180405145341.0 | ||
| 008 | 180405s2003 cr ||||| |||| 00| 0 spa d | ||
| 040 |
_aCO-MdFUSB _bspa _cCO-MdFUSB _dCO-MdFUSB |
||
| 041 | _aspa | ||
| 100 | 1 |
_aZuccherino, Daniel _eautor |
|
| 245 | 1 | 0 | _aCristo viene otra vez |
| 300 |
_aVolumen 6. Número 5 (2003), páginas 73-74 _c: 28 cm. |
||
| 773 | 0 |
_tConquista Cristiana _049446 _960257 _gVolumen 6. Número 5 (2003), páginas 73-74 _qpágina 73 |
|
| 942 | _cANA | ||